000
00216nam a2200085 4500
001
1254661
005
20251120104704.0
245
_a
MACERA GEÇİDİ KIYAMET YILDIZI
_c
TUNCEL ALTINKÖPRÜ
260
_b
GENÇ HAYAT YAYINLARI
999
_c
1254661
_d
1254661